000 01384nam2a2200325 4500
001 RU\NLR\bibl\284166
005 20250620140412.0
010 _a5-275-00387-0
021 _aRU
_b2002-12112
_9599
035 _a(NLR Aleph) 000279605
090 _a1635993
_c1635993
100 _a20020703d2001 |||y0rusy50 ca
101 1 _arus
_ceng
102 _aRU
105 _ay |||||||||
200 1 _aОстров сокровищ
_eРоман
_f[Пер. с англ. М. Зенкевича]
_aПохищенный
_eРоман
_f[Пер. с англ. О. Ротштейн
_gВступ. ст. Н. Эйшискиной]
210 _d2001
_aБ. м.
215 _a380, [2] с.
461 0 _1001RU\NLR\bibl\288424
_12001#$aСобрание сочинений$vТ. 1
_91661342
_aСтивенсон, Р. Л. (1850-1894)
_cМ.
_d2001
_fРоберт Льюис Стивенсон
_nТЕРРА-Кн. клуб
_oВ 8 т.
_tСобрание сочинений
_y5-275-00386-2
_vТ. 1
610 0 _aПриключенческие романы и рассказы (х. л.) (т. 1)
675 _a821.111Стивенсон2
_v3
_zrus
675 _a821.111-31Стивенсон
_v3
_zrus
686 _a17.82
_2rugasnti
686 _a84(4Вел)-44
_2rubbk
801 0 _aRU
_bRKP
_c20020703
_gPSBO
801 1 _aRU
_bRKP
_c20020703
801 2 _aRU
_bNLR
_c20020722
_grcr
942 _cBOOK
980 _aNB